000 00486nam a2200169Ia 4500
003 IN-BaIIA
008 211028s9999 xx 000 0 eng d
040 _cIIA Library
080 _a658.31
_bSIN
100 _aSingh, Virendra
_97322
245 0 _aLand acquisition act 1894 (no.1 of 1894)
_cVirendra Singh
260 _aAllahabad
_bRam Narainlal Beni Prasad Law
_c1969
300 _aii, 24p.
650 _aCentral Government Rules
_97081
650 _aOthers Thesaurus
_9637
942 _cBK
999 _c4160
_d4160